000 00708nam a2200229Ii 4500
003 JO-AjNU
008 230605s9999||||xx |||||||||||||| ||und||
017 _a2006/5/1259
020 _a9957-00-267-8
040 _aJO-AjNU
_bara
_erda
_cJO-AjNU
041 _aara
050 1 4 _aPJ7541.L32 2006
100 3 _aتأليف اللبدي، أيمن,
_eauthor
_923666
245 0 0 _aالشعر والشاعرية
250 _aط1
264 3 1 _aعمان: دار الشروق، 2006
300 _a112ص
336 _atext
_btxt
_2rdacontent
337 _aunmediated
_bn
_2rdamedia
338 _avolume
_bnc
_2rdacarrier
650 4 _aالأدب العربي - الشعر العربي - تحليل ونقد
_923667
999 _aA8598
_c12166
_d12166